|
|
|
|
| LEADER |
00000nab a2200000 ar4500 |
| 001 |
vtls009003677 |
| 003 |
SK-MaSNL |
| 005 |
20260319071259.0 |
| 008 |
070531c2007 xo |||||||| 000 b|hun |
| 015 |
|
|
|a SNBRB2007/05
|2 snkbucl
|
| 038 |
|
|
|a SNKBUCL
|
| 040 |
|
|
|a DSZK
|b slo
|c DSZK
|e AACR2
|
| 041 |
0 |
|
|a hun
|
| 044 |
|
|
|a xo
|c SK
|
| 080 |
|
|
|a 745.9:635.91:371.384
|2 1997
|
| 080 |
|
|
|a 373.68:635:371.384
|2 1997
|
| 080 |
|
|
|a 635.91:371.384
|2 1997
|
| 080 |
|
|
|a 371.384:373.68
|2 1997
|
| 100 |
1 |
|
|a Gyepes, Aranka,
|d 1952-
|4 aut
|9 572395
|
| 245 |
1 |
0 |
|a Virágba szőtt álmok
|b idén Karván zajlott a Szakközépiskolák 11. Országos Tavaszi Kötészeti Versenye
|c Gyepes Aranka
|
| 300 |
|
|
|b Fotogr.
|
| 610 |
2 |
7 |
|a Združená stredná záhradnícka a poľnohospodárska škola (Kravany nad Dunajom, Slovensko)
|2 snkbucl
|9 1036263
|
| 648 |
|
7 |
|a 2007
|2 snkbucl
|9 313226
|
| 650 |
0 |
7 |
|a aranžovanie kvetov
|2 snkbucl
|9 3093
|
| 650 |
0 |
7 |
|a súťaže
|2 snkbucl
|9 3301
|
| 651 |
|
7 |
|a Kravany nad Dunajom (Slovensko)
|2 snkbucl
|9 20642
|
| 773 |
0 |
|
|t Szabad újság
|g Évf. XV, sz. 22 (2007), o. 8
|x 1335-6631
|
| 852 |
|
|
|a SNK
|b KIS3GCP
|
| 852 |
|
|
|a DSZK
|b KIS3GCP
|
| 958 |
|
|
|a HU
|
| 958 |
|
|
|a SK
|
| 999 |
|
|
|c 1751812
|d 1753742
|